MARC details
| 000 -LEADER |
| campo de control de longitud fija |
01463nam a2200265 i 4500 |
| 001 - NÚMERO DE CONTROL |
| campo de control |
C00064210c |
| 005 - FECHA Y HORA DE LA ÚLTIMA TRANSACCIÓN |
| campo de control |
20241029150955.0 |
| 008 - DATOS DE LONGITUD FIJA--INFORMACIÓN GENERAL |
| campo de control de longitud fija |
170505s1774 it f |||| ||ita d |
| 100 1# - ENTRADA PRINCIPAL--NOMBRE DE PERSONA |
| Nombre de persona |
Polanzani, Francesco ( |
| Fechas asociadas al nombre |
1700-ca. 1783) |
| 9 (RLIN) |
40830 |
| 245 10 - MENCIÓN DEL TÍTULO |
| Título |
Vita della gran Madre di Dio Maria Vergine : |
| Resto del título |
incisa in XXII rami estratti da' disegni originali del celebre Nicolò Pussino, ornata con sonetti allusivi composti da vari poeti arcadi / |
| Mención de responsabilidad, etc. |
[F. Polanzani sculp]. |
| 260 ## - PUBLICACIÓN, DISTRIBUCIÓN, ETC. |
| Lugar de publicación, distribución, etc. |
Roma : |
| Nombre del editor, distribuidor, etc. |
Data in luce da Bonaventura Minossi, |
| Fecha de publicación, distribución, etc. |
1774. |
| 300 ## - DESCRIPCIÓN FÍSICA |
| Extensión |
[2], XXII h., [1], XXII h. de lám. ; |
| Dimensiones |
Fol. (53 cm) |
| 500 ## - NOTA GENERAL |
| Nota general |
CCPB000274802-9, IT\ICCU\RML\0220618. |
| 500 ## - NOTA GENERAL |
| Nota general |
Las h. de lám. grabadas por Francesco Polanzani. |
| 500 ## - NOTA GENERAL |
| Nota general |
Las h. de lám. grab. calc. al aguafuerte, son escenas que representan la vida de la Virgen María. En [1]: "Franciscus Preziado invenit"; "Joannes Ottaviani sculpsit". El resto: "Nic. Poussin inv.; F. Polanzani sculp.". Son h. de lám. enfrentadas a sonetos alusivos a las mismas. |
| 500 ## - NOTA GENERAL |
| Nota general |
Frente a la h. de lám. [1] hay un soneto ms., con tít.: "Sonetti di Parrasio Tebano. D. Francesco Preciado" |
| 500 ## - NOTA GENERAL |
| Nota general |
Enc. hol. con papel decorado con motivos florales. |
| 700 1# - ENTRADA AGREGADA--NOMBRE PERSONAL |
| Nombre de persona |
Poussin, Nicolas ( |
| Fechas asociadas al nombre |
1594-1665) |
| 9 (RLIN) |
33036 |
| 700 1# - ENTRADA AGREGADA--NOMBRE PERSONAL |
| Nombre de persona |
Minossi, Bonaventura. |
| 9 (RLIN) |
44705 |
| 700 1# - ENTRADA AGREGADA--NOMBRE PERSONAL |
| Nombre de persona |
Preciado de la Vega, Francisco ( |
| Fechas asociadas al nombre |
1713-1789) |
| 9 (RLIN) |
1502 |
| 752 ## - ENTRADA AGREGADA--NOMBRE JERÁRQUICO DEL LUGAR |
| País o entidad superior |
Italia - |
| Ciudad |
Roma |
| 852 4# - LOCALIZACIÓN |
| Número de control de estantería |
C-50 |